000 01121cam a2200325 4500
008 090401t2000 xxu||||| |||| 00| 0 eng d
020 _a0419236309
035 _a(Sirsi) u99824
041 _aeng
050 _a690.231
100 _aStratton, Michael
_xEditor
245 _aIndustrial buildings: conservation and regeneration.
260 _aLondon
_bE & F N Spon
_c2000
300 _aviii, 232p. ill. ; 28cm.
350 _a45.00
520 _aThis book gives guidance as to the types of building stock offering greatest potential for conversion, that are likely to be viable and sustainable. It covers a wide range of issues from analysis of different types of industrial building and conservation policy to a useful case study section.
650 _aBUILDING CONSERVATION
650 _aRE-USE
650 _aINDUSTRIAL BUILDINGS
650 _aPLANNING
650 _aARCHITECTURE
650 _aCONVERSIONS
650 _aWAREHOUSES
650 _aDOCKLAND REDEVELOPMENT
650 _aMILLS
690 _aREGENERATION
700 _aStratton, Michael
_xEditor
942 _n0
948 _c13/04/1999
999 _c99479
_d99479